Borough Quiz - Manhattan - Statistics

General Stats
  • This quiz has been taken 497 times
    244 since last reset
  • The average score is 15 of 21
Answer Stats
Hint Answer % Correct
What is the unspoilt area in the middle of Manhattan called? Central Park
92%
Which skyscraper was named for New York (state)? Empire State Building
91%
Which river separates Manhattan from New Jersey? Hudson River
86%
Which Ivy League University is on Manhattan Island? Columbia
80%
The largest train station of New York City Grand Central Terminal
80%
Which is the nearest airport to Manhattan Island? LaGuardia
80%
What was the Dutch settlement on Manhattan island called? New Amsterdam
80%
What's the tallest building in New York? One World Trade Center
80%
Crash, Wolf, Journal Wall Street
79%
What lies on the junction of Broadway and 7th Avenue? Times Square
75%
Which neighbourhood in Upper Manhattan is named for a Dutch city? Harlem
70%
Manhattan is the second most populous ___ of New York (state) Island
68%
Which city lies to the west of Lower Manhattan? Jersey City
68%
This island in the East River was named for a President Roosevelt Island
68%
Museum designed by Frank Lloyd Wright in Upper East Side Guggenheim
65%
Where is the Statue of Liberty located? Liberty Island
64%
What does SoHo mean? South of Houston Street
60%
Which county is coextensive with Manhattan? {New} {York} County
59%
Both main actors of "Meet the Parents" were born in Manhattan. Can you name them? Ben Stiller
43%
Both main actors of "Meet the Parents" were born in Manhattan. Can you name them? Robert De Niro
43%
Which Native American tribe lived on Manhattan? Lenape
21%
No matching quizzes found
Score Distribution
Percent of People with Each Score
Percentile by Number Answered
Your Score History
You have not taken this quiz since the last reset